Name-to-Face tripleS - Statistics

General Stats
  • This quiz has been taken 78 times
  • The average score is 22 of 24
Answer Stats
Picture Answer % Correct
HyeRin
100%
SeoYeon
98%
DaHyun
95%
Kotone
95%
Mayu
95%
NaKyoung
95%
SoHyun
95%
JiWoo
94%
YooYeon
94%
ChaeYeon
92%
Lynn
92%
ShiOn
92%
Xinyu
91%
ChaeWon
89%
JooBin
89%
Nien
89%
SeoAh
89%
JiYeon
88%
SooMin
88%
Sullin
88%
HaYeon
86%
Kaede
86%
YuBin
86%
YeonJi
83%
No matching quizzes found
Score Distribution
Percent of People with Each Score
Percentile by Number Answered
Your Score History
You have not taken this quiz